000 00934nam a22002055i 4500
001 154511
003 ES-MaACL
005 20250714063114.0
008 940301s1871 sp |||| | spa d
080 _a27-732.3"03" Elvira
100 1 _aGóngora y Martínez, Manuel de,
_d1822-1884
_9127731
245 1 0 _aDiscurso leído ante el claustro de la Universidad Literaria de Granada :
_ben la solemne inauguración del curso académico de 1871 a 72 /
_cpor M. de Góngora y Martínez.
260 _aGranada :
_b[s.n.],
_c1871 (
_fImp. de Indalencio Ventura)
300 _a27 p. ;
_c20 cm.
594 _aTema del discurso: Concilio eliberritano, primero de los sínodos de España
611 2 4 _aConcilio de Elvira.
_d(s. IV)
_9176252
710 2 _aUniversidad Literaria de Granada.
_9153703
852 4 _aES-MaACL
_jT-122-F-9
_z- Enc. hol, falto de cub. original
_z- Enc. en un vol. facticio
999 _c154511
_d154511